书目信息 |
| 题名: |
赵树理全集
|
|
| 作者: | 赵树理 著 ;董大中 主编 | |
| 分册: | 4 诗歌 文艺批评 | |
| 出版信息: | 太原 北岳文艺出版社 2018 |
|
| 页数: | 13,638页 | |
| 开本: | 23cm | |
| 丛书名: | ||
| 单 册: | ||
| 中图分类: | I217.32 , I227 | |
| 科图分类: | ||
| 主题词: | 中国文学--zhong guo wen xue--当代文学--作品集 , 诗集--shi ji--中国--当代 , 文艺评论--wen yi ping lun--文集 | |
| 电子资源: | ||
| ISBN: | 978-7-5378-5621-8 | |
| 000 | 01013nam0 2200289 450 | |
| 001 | 2151086161 | |
| 005 | 20211019143226.97 | |
| 010 | @a978-7-5378-5621-8@b精装@dCNY139.60(全5册698.00) | |
| 100 | @a20190406d2018 em y0chiy50 ea | |
| 101 | 0 | @achi |
| 102 | @aCN@b140000 | |
| 105 | @ay z 000gy | |
| 106 | @ar | |
| 200 | 1 | @a赵树理全集@Azhao shu li quan ji@h4@i诗歌 文艺批评@f董大中主编 |
| 210 | @a太原@c北岳文艺出版社@d2018@h2019印 | |
| 215 | @a13,638页@d23cm | |
| 330 | @a本书收录赵树理的部分诗歌、文艺批评作品,包括《一副面孔》《儿童心理学》《怎样利用鼓词》《通俗化“引论”》等。 | |
| 517 | 1 | @a诗歌 文艺批评@Ashi ge wen yi pi ping |
| 606 | 0 | @a中国文学@Azhong guo wen xue@x当代文学@x作品集 |
| 606 | 0 | @a诗集@Ashi ji@y中国@z当代 |
| 606 | 0 | @a文艺评论@Awen yi ping lun@j文集 |
| 690 | @aI217.32@v5 | |
| 690 | @aI227@v5 | |
| 701 | 0 | @a赵树理@Azhao shu li@f(1906-1970)@4著 |
| 702 | 0 | @a董大中@Adong da zhong@4主编 |
| 801 | 0 | @aCN@b百万庄@c20211016 |
| 905 | @b1309292-95@dI217.32@e1093:4@f4 | |
| 赵树理全集.4.诗歌 文艺批评/董大中主编.-太原:北岳文艺出版社,2018(2019印) |
| 13,638页;23cm |
| ISBN 978-7-5378-5621-8(精装):CNY139.60(全5册698.00) |
| 本书收录赵树理的部分诗歌、文艺批评作品,包括《一副面孔》《儿童心理学》《怎样利用鼓词》《通俗化“引论”》等。 |
| ● |
| 相关链接 |
|
|
|
|
正题名:赵树理全集
索取号:I217.32/1093:4
 
预约/预借
| 序号 | 登录号 | 条形码 | 馆藏地/架位号 | 状态 | 备注 |
| 1 | 1309292 | 213092927 | 第一样本阅览室/ [索取号:I217.32/1093:4] | 在馆 | |
| 2 | 1309293 | 213092936 | 第二借阅区/ [索取号:I217.32/1093:4] | 在馆 | |
| 3 | 1309294 | 213092945 | 第二借阅区/ [索取号:I217.32/1093:4] | 在馆 | |
| 4 | 1309295 | 213092954 | 第二借阅区/ [索取号:I217.32/1093:4] | 在馆 |